| 000 | 00657nam a2200229 a 4500 | ||
|---|---|---|---|
| 001 | 513 | ||
| 003 | CDMR | ||
| 005 | 20131210135814.0 | ||
| 008 | 130130s1977||||||||||||||||||||||||||||d | ||
| 020 | _a8474300096 | ||
| 040 |
_aCDMR _bcat _cCDMR |
||
| 100 | 1 |
_aOrtiz, Lourdes _9369 |
|
| 245 | 1 | 0 |
_aComunicación crítica _cLourdes Ortiz, Pablo del Río |
| 260 |
_aMadrid _c1977 _bPablo del Rio |
||
| 300 | _a159 p. | ||
| 490 | 0 |
_aCuadernos de comunicación (Pablo del Río) _v5 |
|
| 650 | 0 | 4 |
_92085 _aComunicació _xTeoria |
| 650 | 0 | 4 |
_94445 _aTeoria crítica |
| 650 | 0 | 4 |
_91460 _aSociologia de la comunicació |
| 700 | 1 |
_94492 _aRío, Pablo del |
|
| 942 |
_cMON _2udc |
||
| 999 |
_c513 _d513 |
||